|
|
|
|
| LEADER |
00000nam0a2200000 4500 |
| 001 |
224352 |
| 005 |
20231101230602.0 |
| 035 |
|
|
|a (RuTPU)RU\TPU\book\244657
|
| 090 |
|
|
|a 224352
|
| 100 |
|
|
|a 20121024d1960 km y0rusy50 ca
|
| 101 |
0 |
|
|a rus
|
| 102 |
|
|
|a BY
|
| 105 |
|
|
|a y z 001zy
|
| 200 |
1 |
|
|a Некоторые вопросы реологии вязко-пластичных дисперсных систем
|f А. Х. Ким
|g Белорусский политехнический институт
|
| 210 |
|
|
|a Минск
|d 1960
|
| 215 |
|
|
|a 82 с.
|
| 320 |
|
|
|a Библиогр.: с. 80.
|
| 606 |
1 |
|
|a Дисперсные системы
|x Реологические свойства
|x (химия)
|2 stltpush
|3 (RuTPU)RU\TPU\subj\69174
|9 84141
|
| 610 |
1 |
|
|a вязко-пластичные системы
|
| 610 |
1 |
|
|a реология
|
| 610 |
1 |
|
|a цилиндрические трубы
|
| 610 |
1 |
|
|a движение
|
| 610 |
1 |
|
|a дифференциальные уравнения
|
| 675 |
|
|
|a 544.77:53
|v 3
|
| 700 |
|
1 |
|a Ким
|b А. Х.
|
| 712 |
0 |
2 |
|a Белорусский политехнический институт
|2 stltpush
|3 (RuTPU)RU\TPU\col\9062
|9 24646
|
| 801 |
|
1 |
|a RU
|b 63413507
|c 20121024
|
| 801 |
|
2 |
|a RU
|b 63413507
|c 20131002
|g RCR
|
| 942 |
|
|
|c BK
|